| 000 | 00545nam a2200157 i 4500 | ||
|---|---|---|---|
| 001 | 80020 | ||
| 003 | ES-MaACL | ||
| 005 | 20230906174116.0 | ||
| 007 | t| | ||
| 008 | 041026s1935 sp ||||1| spa d | ||
| 100 | 1 |
_aHinojosa, C. Cosme. _963771 |
|
| 245 | 1 | 0 |
_aMemoria del departamento del Distrito Federal _b: comprende del 1º de septiembre de 1934 al 31 de agosto de 1935 / _cpresentada por C. Cosme Hinojosa. |
| 260 |
_aMéxico : _b[s.n., _c1935] ( _fTalleres del Departamento) |
||
| 300 |
_a187 p. ; _c23 cm. |
||
| 852 |
_aES-MaACL _j1811-F-13 |
||
| 999 |
_c80020 _d80020 |
||